Регионална библиотека "Любен Каравелов" - Русе

Нашият народ (Запис номер 408345)

MARC детайли
000 -Лидер
Контролно поле с фиксирана дължина nam a22 a 4500
003 - Код на организацията, давaща контролен номер
Контролно поле BLK
005 - Дата и час на последна редакция
Контролно поле 20230518030342.0
008 - Елементи от данни с фиксирана дължина
fixed length control field 210414b bu |||||r|||| 00| 0 bu d
040 ## - Източник на каталожния запис
Идентификатор на билиотеката - собственик на записа BLK
041 ## - Код за език
Код за езика на текст/звукозапис или на отделно заглавие Български
Код за езика КДБФ Български
080 ## - УДК
Текстов определител УДК Антропология. Вж и 599.9 ; 61
УДК код - определител по УДК 572
УДК определител (497.2)
УДК - код + определител 572(497.2)
139 ## - Редно поле
Редна дума Страшимиров, Антон Тодоров
Авторски знак Стр - С 84
245 ## - Сведения за заглавието
Заглавие Нашият народ
Редно поле (дума) Антон Тодоров Страшимиров
260 ## - Област на издателските данни
9 (RLIN) 441842
Място на издаване, разпространение и проч. София
Име на издателя, разпространителя и проч. б. и.
Година на издаване 1923
Печатница (София : Либер. клуб])
300 ## - Физическа характеристика
Страници 246 с.
Размери/Мащаб 18 см
380 ## - Жанр
Жанр Естествени науки. Математика
490 ## - СЕРИИ (Колекции)
9 (RLIN) 209299
Име на серия Българска общодостъпна библиотека
№: серия N 12-14
650 #0 - Допълнително описание по предмет – тема
9 (RLIN) 259462
Основно описание – тема или топоним Българи - антропология
653 #7 - Ключова дума – ненормативна
9 (RLIN) 182572
Ключова дума българи
852 ## - Местоположение
Форматна сигнатура Цб 5.175.9265
Фондова буква Основен фонд - ползва се само за читалня
852 ## - Местоположение
Форматна сигнатура Цб І 40681
Фондова буква Основен фонд - ползва се само за читалня
999 ## - СИСТЕМНИ КОНТРОЛНИ НОМЕРА
Koha biblionumber 408345
Koha biblioitemnumber 408345
942 ## - АРТИКУЛИ
Вид на библиотечния материал Книги
Скрит в OPAC Не
Периодичен библиозапис Да
944 ## - СЪЗДАВАНЕ И РЕДАКЦИЯ на ЗАПИСА
Създаване/Редакция Създаване
Дата на регистрацията/редакция 2021-04-14
Служител, извършил регистрацията/редакцията ВП
999 ## - СИСТЕМНИ КОНТРОЛНИ НОМЕРА
Koha biblioitemnumber 408345
Наличности
Код за отписване Код за изгубен артикул Източник на класификационната схема Код за повреда Коз за рестрикции Код за отдаване Артикулен № Име на библиотеката - собственик Име на библиотеката, в която се намира в момента Статус (Текущо местоположение) Дата на вписване в системата Местоположение - отдел Цена в лева Инвентарен номер Систематично азбучна сигнатура Баркод Цена в евро Служебен тип на артикула
  Не е изгубен Universal Decimal Classification Не е повреден само за читалня ползва се в читалня 825477 Регионална библиотека "Любен Каравелов" Русе Регионална библиотека "Любен Каравелов" Русе Хранилище 2021-04-21 Основен фонд - ползва се само за читалня 0.20 9265 Цб 5.175.9265 900000052765 0.10 Книги
  Не е изгубен Universal Decimal Classification Не е повреден само за читалня ползва се в читалня 851263 Регионална библиотека "Любен Каравелов" Русе Регионална библиотека "Любен Каравелов" Русе Хранилище 2021-09-02 Основен фонд - ползва се само за читалня 0.26 21094 Цб 5.180.21094 900000077204 0.13 Книги
  Не е изгубен Universal Decimal Classification Не е повреден само за читалня ползва се в читалня 851441 Регионална библиотека "Любен Каравелов" Русе Регионална библиотека "Любен Каравелов" Русе Хранилище 2021-09-07 Основен фонд - ползва се само за читалня 2.80 569193 Цб I 40681 120000569193 1.43 Книги
Vip Innovations Ltd, Rousse, Bulgaria 2025